000 00920nam a22002657a 4500
001 03690
003 HDC
007 cr bn ---aaaaa
008 210111t2007 flu||||| |||| 00| 0 eng
020 _a978-1-4398-4324-6
040 _aHDC
245 0 _aAgricultural Research at the Crossroads Revisited Resource-poor Farmers and the Millennium Development Goals. Annex VI :
_nReferences
260 _a Boca Raton, Florida:
_bCRC Press,
_c2007
300 _a15 pages
336 _atext
_2rdacontent
337 _acomputer
_2rdamedia
338 _aonline resource
_2rdacarrier
650 _aAgricultural research
_93347
650 _aFramework
_93394
650 _aReferences
_93395
856 _zRequest full-text at [email protected]
942 _2lcc
942 _cCHAP
942 _kEBCH 001667
999 _c1026
_d1026